Prečo postrčiť ženy do manažmentov
Žena a kariéra. Podrobnejší pohľad na otázku kariérnej rovnosti mužov a žien je relatívne prekvapujúci. Sú to najmä štát a firmy, ktoré môžu z využitia ženského potenciálu vyťažiť najviac - pre starnutie populácie, iný štýl vedenia, či lepšie poznanie spotrebiteľských návykov. Podiel žien v najvyšší...
Enregistré dans:
| Auteur principal: | |
|---|---|
| Format: | Chapitre de livre |
| Langue: | slovaque |
| Sujets: | |
| Tags: |
Pas de tags, Soyez le premier à ajouter un tag!
|
MARC
| LEADER | 00000naa a2200000 4500 | ||
|---|---|---|---|
| 001 | 0162358 | ||
| 005 | 20231113080533.7 | ||
| 041 | 0 | |a slo | |
| 044 | |a SK | ||
| 245 | 1 | 0 | |a Prečo postrčiť ženy do manažmentov |c Xénia Makarová |
| 520 | |a Žena a kariéra. Podrobnejší pohľad na otázku kariérnej rovnosti mužov a žien je relatívne prekvapujúci. Sú to najmä štát a firmy, ktoré môžu z využitia ženského potenciálu vyťažiť najviac - pre starnutie populácie, iný štýl vedenia, či lepšie poznanie spotrebiteľských návykov. Podiel žien v najvyšších orgánoch najväčších firiem. Názory na rovnosť príležitostí - rôzne pohľady. | ||
| 610 | 2 | 0 | |a rovnosť rodová |
| 610 | 2 | 0 | |a ženy |
| 610 | 2 | 0 | |a kariéra |
| 100 | 1 | |a Makarová, Xénia | |